000 00371 a2200109 4500
001 ART_41868
005 20260410162023.0
008 260409a
245 1 0 _aRegulación de la telefonía celular y derecho de defensa de la competencia
100 1 _aRussell, Esteban
773 0 _tJurisprudencia Argentina
_gDerecho administrativo (mayo 2006)
_wREV41622
999 _c33346
_d33346